A passageira n.º 14 (Record no. 44710)
[ view plain ]
| 000 -Etiqueta do registo | |
|---|---|
| Valores | 00505cam a22001931 4500 |
| 100 ## - Dados gerais de processamento | |
| Dados gerais | 19940105d1946 km y0pory5003 ba |
| 101 0# - Língua de publicação | |
| Língua | por |
| 102 ## - País de publicação | |
| País | PT |
| 200 1# - Titulo e menção de responsabilidade | |
| Título próprio | A passageira n.º 14 |
| Informação de outro título | romance |
| Primeira menção de responsabilidade | Rosa de Nancy |
| 210 #9 - Publicação | |
| Local de publicação | Lisboa |
| Nome do editor | Bolsa Cultural, |
| Data de publicação | 1946 |
| 215 ## - Descrição física | |
| Paginação / Volumes | v. |
| Dimensões | 19 cm |
| 225 ## - Colecção | |
| Título próprio da colecção | Colecção Ibérica |
| Informação de outro título | Biblioteca Feminina |
| 327 0# - Nota de conteúdo | |
| Texto da nota | 14<U+00BA> v. : 217, [6] p. |
| 675 ## - CDU | |
| Notação | 821.133.1-31 |
| 700 #1 - Autor principal | |
| Apelido | Nancy, |
| Nome | Rosa de, |
| 801 #0 - Fonte de origem | |
| País | PT |
| Agência | BN |
| Regras de catalogação | RPC |
| 990 ## - Elementos KOHA | |
| Tipo de documento | Livro |
| Aquisição | Empréstimo | Código de barras | Cota | Permissão de empréstimo | Tipo de documento |
|---|---|---|---|---|---|
| Biblioteca Municipal de Redondo | Biblioteca Municipal de Redondo | 054597 | 821.133.1-3 NAN | Livro |